Statistics for Countries Bordering 'U' Countries

Click here to take the quiz!

General Stats

  • This quiz has been taken 129 times
  • The average score is 21 of 24

Answer Stats

Country % Correct
Argentina
95%
Russia
95%
Kazakhstan
94%
Canada
93%
Mexico
92%
Tajikistan
91%
Turkmenistan
90%
Belarus
90%
Saudi Arabia
90%
Brazil
89%
Ireland
89%
Kyrgyzstan
89%
Rwanda
88%
Oman
88%
Poland
86%
Romania
85%
Kenya
85%
Tanzania
83%
Moldova
83%
D.R. Congo
83%
Afghanistan
82%
Hungary
75%
South Sudan
72%
Slovakia
70%

Score Distribution

Percentile by Number Answered

Percent of People with Each Score

Your Score History

You have not taken this quiz